| 000 | 00782nam a2200217 a 4500 | ||
|---|---|---|---|
| 003 | CBULib | ||
| 005 | 20250902095205.0 | ||
| 008 | 091130s2009 ||||||||||||||||| || u | ||
| 040 |
_aCBULib _bEnglish _cCBULib _dCBULib _erda |
||
| 050 | _aCBU-PAPERSSTAFF/LUN | ||
| 100 | _aLungu Alice | ||
| 245 | 1 | 0 |
_aEnhancing the contribution of mining to sustainable development through effective regulatory frameworks in Sub-Saharan Africa _c/by Alice Lungu |
| 260 |
_aPoland _bUniversity of Warsaw _c2009 |
||
| 300 | _a45pages | ||
| 336 |
_2rdacontent _aText | _btxt |
||
| 337 |
_2rdamedia _aUnmediated | _bn |
||
| 338 |
_2rdacarrier _aVolume _bnc |
||
| 650 | 0 |
_aSUSTAINABLE DEVELOPMENT--AFRICA _94828 |
|
| 942 |
_2mc _c023 |
||
| 999 |
_c42070 _d42070 |
||